| 000 | 00486nam a2200157Ia 4500 | ||
|---|---|---|---|
| 008 | 230312s9999||||xx |||||||||||||| ||und|| | ||
| 020 | _a0-07-244160-7 | ||
| 082 |
_a613.7 _bCOR-C |
||
| 100 | _aCharles B. Corbin, Ruth Lindsey | ||
| 245 | 0 | _aConcepts of Fitness and Wellness | |
| 260 |
_bMcGraw Hill _aNew York _c2002 |
||
| 300 | _a482 | ||
| 546 | _aEng. | ||
| 650 |
_aEngineering _vLifestyle for health, Fitness and Wellness, Introduction to Physical Activity |
||
| 942 | _cBK | ||
| 999 |
_c1888 _d1888 |
||